All Sade Songs - Statistics

General Stats
  • This quiz has been taken 167 times
    162 since last reset
  • The average score is 20 of 76
Answer Stats
% Correct
Smooth Operator
97%
Pearls
76%
Kiss of Life
73%
Like a Tattoo
70%
No Ordinary Love
70%
Is It a Crime
68%
Lovers Rock
60%
The Sweetest Taboo
59%
Your Love Is King
58%
Paradise
54%
Jezebel
52%
Soldier of Love
52%
Cherish The Day
50%
Mermaid
50%
By Your Side
43%
Love Is Stronger Than Pride
40%
Cherry Pie
39%
Bullet Proof Soul
37%
Feel No Pain
36%
Tar Baby
36%
Hang On To Your Love
33%
Never as Good as the First Time
32%
Nothing Can Come Between Us
32%
Frankie's First Affair
31%
Maureen
31%
Flow
29%
Mr. Wrong
28%
King of Sorrow
27%
Sally
26%
Somebody Already Broke My Heart
26%
Clean Heart
23%
War of the Hearts
22%
When Am I Going To Make A Living
22%
I Couldn't Love You More
21%
I Will Be Your Friend
20%
Punch Drunk
20%
You're Not The Man
20%
Why Can't We Live Together
19%
Fear
18%
Babyfather
17%
Haunt Me
17%
I Never Thought I'd See The Day
17%
Slave Song
17%
The Moon and the Sky
17%
Keep Looking
16%
Skin
16%
Immigrant
15%
In Another Time
15%
Siempre Hay Esperanza
15%
Be That Easy
13%
Long Hard Road
13%
Love Is Found
13%
The Sweetest Gift
13%
All About Our Love
12%
Give It Up
12%
Please Send Me Someone to Love
12%
Still in Love with You
12%
Every Word
11%
Morning Bird
11%
Turn My Back On You
11%
It's Only Love That Gets You Through
9%
Bring Me Home
8%
Flower of the Universe
7%
The Big Unknown
7%
The Safest Place
6%
Make Some Room
3%
Should I Love You
3%
Spirit
3%
Super Bien Total
3%
I Would Have Never Guessed
2%
Love Affair With Life
2%
Red Eye
2%
Room 55
2%
Wired
2%
Keep Hanging On
1%
Killer Blow
1%
No matching quizzes found
Score Distribution
Percent of People with Each Score
Percentile by Number Answered
Your Score History
You have not taken this quiz since the last reset